[Event "DEM U14 2017"]
[Site "Willingen GER"]
[Date "2017.06.10"]
[Round "9"]
[White "Jungandreas, Tillmann"]
[Black "Biermann, Lenhard"]
[Result "0-1"]
[Termination "normal"]
[Board "24"]
[WhiteElo "1414"]
[BlackElo "1879"]
[PlyCount "58"]
[WhiteFideId "16244664"]
[BlackFideId "12970077"]
[EventCountry "GER"]
[EventRounds "9"]
[EventType "swiss"]
[EventDate "2017.06.03"]

1. e4 e6 2. d4 d5 3. exd5 exd5 4. Nf3 Bd6 5. Bd3 Bg4 6. c3 Ne7 7. Be3 Nbc6 8.
Nbd2 Qd7 9. b4 Nd8 10. O-O Ne6 11. Qc2 O-O-O 12. a4 Rdf8 13. h3 Bh5 14. Ne5
Bxe5 15. dxe5 f5 16. f4 g5 17. fxg5 f4 18. Bxa7 Nxg5 19. Kf2 Nc6 20. Bd4 Nxh3+
21. gxh3 Nxd4 22. cxd4 Qxh3 23. Nf3 Qxf3+ 24. Ke1 Qe3+ 25. Be2 Bxe2 26. Qxe2
Qc3+ 27. Kd1 Qxa1+ 28. Kd2 Qxd4+ 29. Kc2 Qe4+ 0-1